|
|
|
|
| LEADER |
00000nam0a2200000 4500 |
| 001 |
250549 |
| 005 |
20231101232555.0 |
| 010 |
|
|
|a 5247002067
|
| 020 |
|
|
|a RU
|b 89-9109
|
| 035 |
|
|
|a (RuTPU)RU\TPU\book\272758
|
| 090 |
|
|
|a 250549
|
| 100 |
|
|
|a 20140214d1989 m y0rusy5003 ca
|
| 101 |
0 |
|
|a rus
|
| 102 |
|
|
|a RU
|
| 105 |
|
|
|a a g 001zy
|
| 200 |
1 |
|
|a Декоративные разновидности цветного камня СССР
|e справочное пособие
|f Л. С. Путолова [и др.]
|g под ред. Е. Я. Киевленко
|
| 210 |
|
|
|a Москва
|c Недра
|d 1989
|
| 215 |
|
|
|a 270 с.
|c ил.
|
| 320 |
|
|
|a Библиогр.: с. 271 (23 назв.)
|
| 606 |
1 |
|
|a Декоративные камни
|2 stltpush
|3 (RuTPU)RU\TPU\subj\9019
|9 36313
|
| 610 |
1 |
|
|a СССР
|
| 610 |
1 |
|
|a цветные камни
|
| 610 |
1 |
|
|a справочники
|
| 610 |
1 |
|
|a ювелирно-поделочные камни
|
| 610 |
1 |
|
|a свойства
|
| 610 |
1 |
|
|a классификация
|
| 610 |
1 |
|
|a месторождения
|
| 610 |
1 |
|
|a происхождение
|
| 675 |
|
|
|a 553.8(035)
|z rus
|
| 686 |
|
|
|a 26.325.2я2
|2 rubbk
|
| 701 |
|
1 |
|a Путолова
|b Л. С.
|g Людмила Степановна
|
| 701 |
|
1 |
|a Менчинская
|b Т. И.
|g Таисия Ивановна
|
| 701 |
|
1 |
|a Баранова
|b Т. Л.
|g Татьяна Львовна
|
| 701 |
|
1 |
|a Вдовенко
|b А. П.
|g Алиса Петровна
|
| 702 |
|
1 |
|a Киевленко
|b Е. Я.
|g Евгений Яковлевич
|4 340
|
| 801 |
|
0 |
|a RU
|b RuMRKP
|c 19950417
|g psbo
|
| 801 |
|
1 |
|a RU
|b 63413507
|c 20140214
|
| 801 |
|
2 |
|a RU
|b 63413507
|c 20140303
|g RCR
|
| 942 |
|
|
|c BK
|